Ricardo Flores Magón : su vida y su obra frente al origen de las proyecciones de la Revolución mexicana /

Guardat en:
Dades bibliogràfiques
Autor principal: Ojeda, Abelardo (autor)
Altres autors: Mallén, Carlos (autor) (autor)
Format: Llibre
Idioma:espanyol
Col·lecció:(Cuadernos de Lectura Popular ; 66)
(El Hombre en la Historia)
Matèries:
Etiquetes: Afegir etiqueta
Sense etiquetes, Sigues el primer a etiquetar aquest registre!

MARC

LEADER 00000nam^a2200000^a^4500
001 000136999
005 20250521000000.0
009 20260310095339.984
037 |a Acervo ITESO - Biblioteca 
041 |a ESP 
082 |a 808. 88  |b CUA V. 66 
100 |a Ojeda, Abelardo  |e (autor) 
245 1 0 |a Ricardo Flores Magón :  |b su vida y su obra frente al origen de las proyecciones de la Revolución mexicana /  |c A. Ojeda, C. Mallén. 
264 |a México :  |b Secretaría de Educación Pública, Subsecretaría de Asuntos Culturales,  |c 1967 
300 |a 123 p. 
336 |a texto  |b txt  |2 rdacontenido 
337 |a sin mediación  |b n  |2 rdamedio 
338 |a volumen  |b nc  |2 rdasoporte 
440 1 |a (Cuadernos de Lectura Popular ;  |v 66) 
440 4 |a (El Hombre en la Historia) 
649 |a XX 
650 |a Políticos Mexicanos -  |x Biografías 
650 |a Periodistas Mexicanos -  |x Biografías 
650 |a Movimientos Políticos -  |z México -  |x Historia 
650 |a Movimientos Sociales -  |z México -  |x Historia 
650 |a Liberalismo -  |z México -  |x Historia 
650 |a Anarquismo -  |z México -  |x Historia 
650 |a Partidos Políticos -  |z México -  |x Historia 
650 |a Periodismo -  |z México -  |x Historia 
650 |a Medios Impresos -  |z México -  |x Historia 
650 |a Comunicación y Política -  |z México -  |x Historia 
650 |a Comunicación -  |z México -  |x Historia 
650 |a Política -  |z México -  |x Historia 
650 |a México -  |x Historia -  |y Porfirismo, 1876-1911 
650 |a México -  |x Historia -  |y República Liberal, 1867-1911 
650 |a México -  |x Historia -  |y Siglo XIX 
650 |a México -  |x Historia -  |y Revolución, 1910-1917 
650 |a México -  |x Historia -  |y 1910-1946 
650 |a México -  |x Historia -  |y Siglo XX 
650 |a Flores Magón, Ricardo 
700 |a Mallén, Carlos  |e (autor) 
910 |a Fondo Salvador Reynoso Reynoso 
920 |a Impresos - Libros 
930 |a Fondos Especiales 
940 |a Literatura 
905 |a 112 
901 |a 0800014342  |b IT2  |c ESP  |u 20250521 
902 |a https://opac.biblio.iteso.mx/vufind/Record/000136999